[Event "IX Open A"]
[Site "Bergamo ITA"]
[Date "2010.07.18"]
[Round "6"]
[White "Angelini, Marco"]
[Black "Bernardi, Ruben"]
[WhiteElo "2103"]
[BlackElo "2212"]
[Result "1/2-1/2"]
[PlyCount "135"]
[EventDate "2010.07.16"]

1. e4 c5 2. Nf3 Nc6 3. d4 cxd4 4. Nxd4 e5 5. Nb5 d6 6. N1c3 a6 7. Na3 Nf6 8.
Bg5 b5 9. Nd5 Be7 10. Bxf6 Bxf6 11. c3 Bg5 12. Nc2 O-O 13. a4 bxa4 14. Rxa4 a5
15. Bc4 Rb8 16. b3 Kh8 17. Nce3 Bxe3 18. Nxe3 Ne7 19. O-O Bd7 20. Ra3 Qc7 21.
Qd3 a4 22. bxa4 Qc5 23. Raa1 f5 24. exf5 Nxf5 25. Nxf5 Bxf5 26. Qd5 Rbc8 27.
Qxc5 Rxc5 28. Bb5 Rxc3 29. Rfd1 Rd8 30. f3 d5 31. a5 Rc5 32. Bd3 g6 33. a6 Ra8
34. Kf2 Kg7 35. g4 Bxd3 36. Rxd3 Kf6 37. Ke3 Ra7 38. f4 e4 39. Rda3 Rc6 40. Ra5
Ke6 41. R1a4 h5 42. gxh5 gxh5 43. Kd4 Rc1 44. Rb4 Kd6 45. Rxd5+ Kc6 46. Rxh5
Rd1+ 47. Kxe4 Re1+ 48. Kf3 Rf1+ 49. Kg2 Ra1 50. Rd4 Ra3 51. h4 Rg7+ 52. Rg5 Re7
53. Rd2 Re4 54. Rg6+ Kc5 55. Rf2 Rb4 56. h5 Rbb3 57. h6 Rh3 58. f5 Rh5 59. Rf3
Ra2+ 60. Rf2 Ra3 61. Rc2+ Kd5 62. Rb2 Ke4 63. Re6+ Kf4 64. Rb4+ Kg5 65. Rb7
Ra2+ 66. Kg3 Ra3+ 67. Kg2 Ra2+ 68. Kg3 1/2-1/2

[Event "IX Open A"]
[Site "Bergamo ITA"]
[Date "2010.07.18"]
[Round "6"]
[White "Berni, Fabrizio"]
[Black "Piantoni, Roberto"]
[WhiteElo "2154"]
[BlackElo "2134"]
[Result "1-0"]
[PlyCount "51"]
[EventDate "2010.07.16"]

1. e4 c6 2. d4 d5 3. Nc3 dxe4 4. Nxe4 Nf6 5. Nxf6+ gxf6 6. Be2 Bf5 7. Bf3 e6 8.
Ne2 Bd6 9. Bh6 Nd7 10. g4 Bg6 11. h4 f5 12. h5 fxg4 13. hxg6 gxf3 14. g7 Rg8
15. Nc3 Be7 16. Qd3 Qa5 17. Qxf3 O-O-O 18. Qxf7 Bg5 19. Qh5 Qb5 20. Bxg5 Qxb2
21. Kd2 Nb6 22. Bxd8 Rxd8 23. Rab1 Rxd4+ 24. Ke2 Qxc2+ 25. Kf1 Rd8 26. Qxh7 1-0

[Event "IX Open A"]
[Site "Bergamo ITA"]
[Date "2010.07.18"]
[Round "6"]
[White "Bolico, Exfelicos"]
[Black "Leoni, Livio"]
[WhiteElo "2174"]
[BlackElo "2015"]
[Result "1-0"]
[PlyCount "45"]
[EventDate "2010.07.16"]

1. d4 Nf6 2. Nf3 e6 3. Bg5 c5 4. e3 Be7 5. Nbd2 cxd4 6. exd4 d5 7. Bd3 h6 8.
Bh4 O-O 9. O-O b6 10. Ne5 Bb7 11. Qe2 Nc6 12. Nxc6 Bxc6 13. Nf3 Bb7 14. Ne5 Ne4
15. Bxe7 Qxe7 16. c3 Rac8 17. f3 Nd6 18. f4 Rfe8 19. Rf3 Ne4 20. Raf1 f5 21.
Rh3 Kh7 22. Qh5 Qf6 23. Rff3 1-0

[Event "IX Open A"]
[Site "Bergamo ITA"]
[Date "2010.07.18"]
[Round "6"]
[White "Borgo, Giulio"]
[Black "Contin, Daniel"]
[WhiteElo "2419"]
[BlackElo "2307"]
[Result "1/2-1/2"]
[PlyCount "111"]
[EventDate "2010.07.16"]

1. Nf3 Nf6 2. d4 b6 3. e3 Bb7 4. Bd3 g6 5. Nbd2 Bg7 6. e4 O-O 7. O-O c5 8. e5
Nd5 9. Be4 cxd4 10. Re1 d6 11. e6 f5 12. Bxd5 Bxd5 13. Nb3 Bxb3 14. axb3 Nc6
15. Bf4 Qc7 16. Qd2 Rac8 17. Bh6 Rf6 18. Bxg7 Kxg7 19. b4 a5 20. b5 Nd8 21.
Nxd4 Qc4 22. c3 Rc5 23. Qf4 Nxe6 24. Nxe6+ Rxe6 25. Qxc4 Rxe1+ 26. Rxe1 Rxc4
27. Rxe7+ Kf6 28. Rb7 Ra4 29. g3 Ra1+ 30. Kg2 Rb1 31. Rxb6 Ke5 32. Ra6 Rxb2 33.
Rxa5 d5 34. Ra7 Rxb5 35. Rxh7 Ke4 36. h4 Rc5 37. f3+ Kd3 38. h5 gxh5 39. Rxh5
f4 40. g4 Kxc3 41. Rf5 Kd3 42. g5 Rc2+ 43. Kh3 Ke3 44. g6 Rc6 45. Rg5 Kxf3 46.
Kh4 Rc1 47. Rg4 Rc8 48. Kg5 Rg8 49. Rxf4+ Ke3 50. Rf7 d4 51. Re7+ Kd2 52. g7 d3
53. Kf4 Kd1 54. Rd7 d2 55. Kf5 Ke2 56. Re7+ 1/2-1/2

[Event "IX Open A"]
[Site "Bergamo ITA"]
[Date "2010.07.18"]
[Round "6"]
[White "Campini, Marco"]
[Black "Gagliardi, Christian"]
[WhiteElo "2070"]
[BlackElo "2200"]
[Result "0-1"]
[PlyCount "166"]
[EventDate "2010.07.16"]

1. e4 c5 2. Nf3 Nc6 3. d4 cxd4 4. Nxd4 Nf6 5. f3 g6 6. Bc4 Bg7 7. Nc3 O-O 8.
Nb3 d6 9. Be3 a6 10. a3 b5 11. Bd3 Bb7 12. Qe2 Rc8 13. f4 Na5 14. Nd2 d5 15.
exd5 Nxd5 16. Nxd5 Bxd5 17. Rb1 Nc4 18. Bxc4 bxc4 19. c3 Qc7 20. O-O e6 21. Rf2
Rb8 22. Qd1 Qc6 23. Qc2 Rb7 24. Bd4 Rfb8 25. Kf1 f6 26. Re2 Kf7 27. a4 Bf8 28.
h3 Bd6 29. g3 h5 30. Kg1 Be7 31. Kh2 Qd7 32. Ne4 Bc6 33. Nc5 Bxc5 34. Bxc5 Bxa4
35. Qe4 Bc6 36. Qe3 Qd5 37. Ba3 Rd7 38. Rbe1 Re8 39. Qc5 Qxc5 40. Bxc5 Rd5 41.
Bd4 Rb5 42. Ra1 a5 43. Kg1 Reb8 44. Kf2 f5 45. Ke3 Be4 46. g4 Bd3 47. Be5 Rxe5+
48. fxe5 Bxe2 49. Kxe2 Rxb2+ 50. Ke3 hxg4 51. hxg4 Rb5 52. Kf4 g5+ 53. Kxg5
Rxe5 54. Rh1 fxg4+ 55. Kxg4 Ke7 56. Kf4 Kd6 57. Rh8 Rd5 58. Rd8+ Kc5 59. Rc8+
Kb5 60. Rb8+ Ka4 61. Rb6 Rd3 62. Ke4 Rxc3 63. Kd4 Rc1 64. Rxe6 Kb5 65. Re8 Rd1+
66. Kc3 Rd3+ 67. Kc2 Rh3 68. Rb8+ Ka4 69. Rc8 Kb4 70. Rb8+ Ka3 71. Rc8 Rh4 72.
Kc3 a4 73. Ra8 Rh3+ 74. Kxc4 Rb3 75. Ra7 Rb8 76. Rc7 Kb2 77. Rh7 a3 78. Rh2+
Kb1 79. Kc3 Rb2 80. Rh1+ Ka2 81. Rh8 Rg2 82. Rh3 Rg1 83. Kc2 Rg8 0-1

[Event "IX Open A"]
[Site "Bergamo ITA"]
[Date "2010.07.18"]
[Round "6"]
[White "Cani, Gazmir"]
[Black "Astengo, Marcello"]
[WhiteElo "2060"]
[BlackElo "2071"]
[Result "1-0"]
[PlyCount "105"]
[EventDate "2010.07.16"]

1. d4 d5 2. c4 c6 3. Nf3 Nf6 4. Nc3 e6 5. Bg5 Be7 6. e3 Nbd7 7. Rc1 O-O 8. Bd3
b6 9. cxd5 exd5 10. O-O Bb7 11. Bb1 Ne4 12. Bf4 f5 13. Qa4 g5 14. Be5 g4 15.
Nxe4 fxe4 16. Nd2 Nxe5 17. dxe5 c5 18. f4 gxf3 19. gxf3 Bh4 20. f4 Qc8 21. Kh1
Kh8 22. Qd1 Qh3 23. Qh5 Qxe3 24. Nf3 Be7 25. f5 Rxf5 26. Qxf5 Rf8 27. Qd7 Rxf3
28. Qxe7 Qf4 29. Rg1 Qf7 30. Qd8+ Qf8 31. Qxf8+ Rxf8 32. Rcf1 Re8 33. Rf7 Bc6
34. Rc7 Ba8 35. Rgg7 d4 36. Rxh7+ Kg8 37. a4 c4 38. Ba2 Bd5 39. Kg1 d3 40. Bb1
e3 41. Rhg7+ Kh8 42. Rh7+ Kg8 43. Rhg7+ Kf8 44. Kf1 e2+ 45. Ke1 Rxe5 46. Rg1
Rf5 47. Bxd3 cxd3 48. Kd2 Rf1 49. Rc1 Rxc1 50. Rxc1 Be4 51. Rc7 a6 52. b4 Ke8
53. Ra7 1-0

[Event "IX Open A"]
[Site "Bergamo ITA"]
[Date "2010.07.18"]
[Round "6"]
[White "Georgiev, Vladimir"]
[Black "Solodovnichenko, Yuri"]
[WhiteElo "2586"]
[BlackElo "2558"]
[Result "1-0"]
[PlyCount "87"]
[EventDate "2010.07.16"]

1. d4 Nf6 2. c4 c5 3. d5 b5 4. Qc2 b4 5. f4 d6 6. Nf3 g6 7. e4 Bg7 8. e5 Ng4 9.
Bd3 dxe5 10. h3 f5 11. hxg4 e4 12. Bxe4 fxe4 13. Ne5 Qd6 14. Nd2 Bxe5 15. Nxe4
Qc7 16. fxe5 Qxe5 17. O-O Bxg4 18. Bg5 Bf5 19. Rae1 O-O 20. Qf2 Nd7 21. Nf6+
exf6 22. Rxe5 fxe5 23. Qe2 h5 24. Be7 Rfe8 25. d6 Rxe7 26. dxe7 Re8 27. Rxf5
gxf5 28. Qxh5 Rxe7 29. Qg5+ Kf7 30. Qxf5+ Kg7 31. Qg5+ Kf7 32. g4 e4 33. Qh5+
Kg7 34. Qg5+ Kf7 35. Kf1 Re6 36. Qd5 Ke7 37. g5 a6 38. b3 a5 39. Ke1 Rb6 40.
Qg8 Rb8 41. Qh7+ Ke6 42. Qxe4+ Ne5 43. Qd5+ Kf5 44. g6 1-0

[Event "IX Open A"]
[Site "Bergamo ITA"]
[Date "2010.07.18"]
[Round "6"]
[White "Gonella, Daniele"]
[Black "Salvador, Roland"]
[WhiteElo "1982"]
[BlackElo "2498"]
[Result "0-1"]
[PlyCount "110"]
[EventDate "2010.07.16"]

1. e4 c5 2. c3 Nf6 3. e5 Nd5 4. Nf3 e6 5. d4 cxd4 6. cxd4 b6 7. Nc3 Bb7 8. Bd3
Na6 9. O-O Nab4 10. Be2 Rc8 11. Nb5 a6 12. Na3 Be7 13. Nc4 b5 14. Ne3 O-O 15.
a3 Nxe3 16. Bxe3 Nd5 17. Qd2 f5 18. Bg5 Bxg5 19. Nxg5 h6 20. Nh3 g5 21. Bf3 Qe7
22. Bxd5 Bxd5 23. f3 Rc4 24. Rac1 Rfc8 25. Rxc4 bxc4 26. Rc1 Rb8 27. Rc3 d6 28.
exd6 Qxd6 29. Nf2 Qb6 30. Rc2 Kf7 31. Nd1 Rd8 32. Ne3 Qb5 33. Qc3 Rb8 34. Nxc4
Bxc4 35. Qxc4 Qxc4 36. Rxc4 Rxb2 37. Rc6 Rd2 38. Rxa6 Rxd4 39. Ra7+ Kf6 40. Rh7
Kg6 41. Re7 Rd6 42. Ra7 h5 43. Rc7 Rd1+ 44. Kf2 Rd2+ 45. Kf1 Ra2 46. Rc3 Kf6
47. Re3 e5 48. Rb3 g4 49. Kg1 Kg5 50. Rc3 gxf3 51. gxf3 Kf4 52. h4 Kg3 53. Kf1
f4 54. Ke1 e4 55. fxe4+ f3 0-1

[Event "IX Open A"]
[Site "Bergamo ITA"]
[Date "2010.07.18"]
[Round "6"]
[White "Guanciale, Orazio"]
[Black "Seyfried, Claus"]
[WhiteElo "2171"]
[BlackElo "2087"]
[Result "0-1"]
[PlyCount "56"]
[EventDate "2010.07.16"]

1. e4 e5 2. f4 exf4 3. Bc4 Nf6 4. Nc3 c6 5. Bb3 d5 6. exd5 cxd5 7. d4 Bd6 8.
Qf3 Nc6 9. Nge2 Bg4 10. Qf2 O-O 11. O-O g5 12. g3 f3 13. Bxg5 fxe2 14. Bxf6
exf1=Q+ 15. Rxf1 Be7 16. Nxd5 Bxf6 17. Nxf6+ Kg7 18. Nxg4 Qxd4 19. Ne3 Kh8 20.
c3 Qg7 21. Nf5 Qf6 22. Qe3 Rae8 23. Qc1 Ne5 24. Nd4 Qb6 25. Kh1 Qg6 26. Bc2 Qh5
27. Rf5 Qh3 28. Qg5 Ng4 0-1

[Event "IX Open A"]
[Site "Bergamo ITA"]
[Date "2010.07.18"]
[Round "6"]
[White "Lapiccirella, Daniele"]
[Black "Finocchiaro, Gianluca"]
[WhiteElo "2212"]
[BlackElo "2104"]
[Result "1/2-1/2"]
[PlyCount "57"]
[EventDate "2010.07.16"]

1. d4 Nf6 2. c4 c5 3. dxc5 Na6 4. Nf3 e6 5. e3 Nxc5 6. Be2 Be7 7. O-O O-O 8.
Nc3 d5 9. cxd5 exd5 10. b3 Nce4 11. Bb2 Qa5 12. Rc1 Be6 13. Nd4 Rac8 14. Nxe4
Nxe4 15. Nxe6 fxe6 16. Bg4 Qa6 17. Rc2 Qd6 18. Rxc8 Rxc8 19. Qa1 Nf6 20. Bh3
Rc6 21. Rc1 Kf7 22. g3 Rxc1+ 23. Qxc1 Qc5 24. Qd1 h6 25. a3 a5 26. a4 Qb4 27.
Bxf6 Bxf6 28. Qc2 Qc3 29. Qxc3 1/2-1/2

[Event "IX Open A"]
[Site "Bergamo ITA"]
[Date "2010.07.18"]
[Round "6"]
[White "Mattsson, Michael"]
[Black "Vezzosi, Paolo"]
[WhiteElo "2086"]
[BlackElo "2362"]
[Result "0-1"]
[PlyCount "84"]
[EventDate "2010.07.16"]

1. e4 e6 2. d4 d5 3. Nd2 c5 4. exd5 Qxd5 5. Ngf3 cxd4 6. Bc4 Qd6 7. Qe2 Nf6 8.
Nb3 Nc6 9. Bg5 Be7 10. O-O-O Bd7 11. Nbxd4 Nxd4 12. Rxd4 Qc7 13. Ne5 Rd8 14.
Bf4 Qc8 15. Rxd7 Rxd7 16. Bb5 O-O 17. Nxd7 Nxd7 18. Rd1 Nb6 19. Qe4 Bf6 20. Bd3
g6 21. Be5 Bxe5 22. Qxe5 Rd8 23. Be2 Rd5 24. Rxd5 Nxd5 25. a3 b6 26. Bf3 Qc4
27. Kd2 Qc5 28. Bxd5 Qxf2+ 29. Kc3 Qc5+ 30. Kd3 exd5 31. b3 a5 32. a4 h5 33. h3
Qc6 34. Kd4 Qc5+ 35. Kd3 Qc6 36. Kd4 Qxc2 37. Qxd5 Qd2+ 38. Kc4 Qxd5+ 39. Kxd5
g5 40. Kd6 Kg7 41. Ke7 Kg6 42. g4 f5 0-1

[Event "IX Open A"]
[Site "Bergamo ITA"]
[Date "2010.07.18"]
[Round "6"]
[White "Pucovski, Miroslav"]
[Black "Rusev, Krasimir"]
[WhiteElo "2307"]
[BlackElo "2543"]
[Result "1/2-1/2"]
[PlyCount "116"]
[EventDate "2010.07.16"]

1. e4 e6 2. d4 d5 3. e5 c5 4. c3 Qb6 5. Nf3 Nc6 6. a3 c4 7. Nbd2 Na5 8. g3 Bd7
9. h4 Nh6 10. Bh3 f5 11. Ng5 Be7 12. f4 O-O-O 13. Ndf3 Rdf8 14. Bg2 Ng4 15. Nh2
h6 16. Ngf3 Nb3 17. Rb1 Be8 18. Qc2 Nxc1 19. Qxc1 Nxh2 20. Rxh2 Ba4 21. Ra1 Kb8
22. Qd2 g6 23. Kf2 Rhg8 24. Rah1 a6 25. Bf1 Qb3 26. Be2 Qc2 27. Bd1 Qxd2+ 28.
Nxd2 Bxd1 29. Rxd1 Kc7 30. Nf3 Kd7 31. Ke3 b5 32. Ra1 Rb8 33. Ne1 a5 34. Nf3
Rb7 35. Rg2 h5 36. Rc2 Ra8 37. Ng1 Rba7 38. Ne2 b4 39. axb4 axb4 40. Rxa7+ Rxa7
41. Rc1 bxc3 42. bxc3 Ra2 43. Rb1 Kc7 44. Rb5 Ba3 45. Kf3 Bb2 46. Ke3 Ba3 47.
Kf3 Be7 48. Rb1 Ra8 49. Ke3 Kc6 50. Kd2 Ra2+ 51. Kd1 Bd8 52. Rb8 Kc7 53. Rb5
Be7 54. Rb1 Ba3 55. Rb5 Ra1+ 56. Kc2 Rh1 57. Ra5 Rh2 58. Kd1 Rh1+ 1/2-1/2

[Event "IX Open A"]
[Site "Bergamo ITA"]
[Date "2010.07.18"]
[Round "6"]
[White "Quagliarella, Sabino Remo"]
[Black "Kimbin, Richard Conrod"]
[WhiteElo "1946"]
[BlackElo "1918"]
[Result "0-1"]
[PlyCount "56"]
[EventDate "2010.07.16"]

1. d4 Nf6 2. Nf3 g6 3. Bf4 Bg7 4. e3 c5 5. c3 cxd4 6. exd4 d6 7. Bd3 Nc6 8. O-O
O-O 9. Nbd2 e5 10. Bg3 Nh5 11. Bh4 Qc7 12. Rc1 Nf4 13. Bb5 f5 14. Bg5 Nh5 15.
dxe5 dxe5 16. Be3 b6 17. Qb3+ Kh8 18. g3 f4 19. gxf4 exf4 20. Bd4 Nxd4 21. cxd4
Qd8 22. Qc4 Rb8 23. Ne4 Nf6 24. Qc7 Be6 25. Rfe1 Nxe4 26. Rxe4 Rc8 27. Qxd8
Rxc1+ 28. Kg2 Rxd8 0-1

[Event "IX Open A"]
[Site "Bergamo ITA"]
[Date "2010.07.18"]
[Round "6"]
[White "Ranfagni, Stefano"]
[Black "Giretti Kanev, Jasen"]
[WhiteElo "2013"]
[BlackElo "2208"]
[Result "0-1"]
[PlyCount "156"]
[EventDate "2010.07.16"]

1. e4 c6 2. c4 d5 3. exd5 cxd5 4. d4 Nf6 5. Nc3 g6 6. Qb3 Bg7 7. cxd5 O-O 8.
Nf3 Nbd7 9. Bd3 Nb6 10. O-O Nbxd5 11. Re1 b6 12. Bg5 Bb7 13. Ne4 h6 14. Nxf6+
Nxf6 15. Bxf6 Bxf6 16. Be4 Bxe4 17. Rxe4 Rc8 18. Ne5 Kg7 19. Ng4 Bg5 20. Ne5 e6
21. Rd1 Rc7 22. g3 Qd5 23. Qxd5 exd5 24. Re2 Rfc8 25. f4 Bf6 26. Kf2 h5 27. h4
Rc1 28. Rxc1 Rxc1 29. Ke3 Rg1 30. Kf2 Ra1 31. a3 Rc1 32. Ke3 b5 33. Kd2 Rg1 34.
Re3 Bd8 35. Nc6 Bb6 36. Rd3 Kf6 37. Kc2 Kf5 38. Re3 f6 39. Ne7+ Kg4 40. Nxd5
Bxd4 41. Re4 Rg2+ 42. Kd3 Bxb2 43. f5+ Kxg3 44. fxg6 f5 45. Re3+ Kxh4 46. Nf4
Rg4 47. Rf3 Kg5 48. Kc2 Bg7 49. Nxh5 Kxh5 50. Rxf5+ Rg5 51. Rf7 Bd4 52. Rd7 Bb6
53. g7 Kh6 54. Kb3 Rxg7 55. Rd5 a6 56. a4 Rg3+ 57. Kb2 bxa4 58. Rd6+ Rg6 59.
Rd3 Bc5 60. Rh3+ Kg5 61. Rd3 Rb6+ 62. Ka2 Kf4 63. Rc3 Bb4 64. Rc4+ Ke3 65. Rh4
Kd3 66. Rg4 a5 67. Rg2 Re6 68. Rg3+ Kd2 69. Rh3 Re2 70. Rg3 Rh2 71. Rf3 Re2 72.
Rh3 Rf2 73. Rg3 Bd6 74. Rg1 Kc3+ 75. Ka1 Be5 76. Kb1 a3 77. Rc1+ Kb3 78. Rd1
a2+ 0-1

[Event "IX Open A"]
[Site "Bergamo ITA"]
[Date "2010.07.18"]
[Round "6"]
[White "Regorda, Massimiliano"]
[Black "Attuati, Stefano"]
[WhiteElo "1897"]
[BlackElo "1900"]
[Result "0-1"]
[PlyCount "100"]
[EventDate "2010.07.16"]

1. e4 e6 2. d4 d5 3. Nd2 Be7 4. c3 c5 5. dxc5 Bxc5 6. Nb3 Bb6 7. exd5 exd5 8.
Nf3 Nf6 9. Bb5+ Nc6 10. O-O O-O 11. Bg5 a6 12. Ba4 Ba7 13. Nbd4 Qd6 14. Bc2 Ne4
15. Nxc6 Qxc6 16. Bxe4 dxe4 17. Nd4 Qg6 18. Bf4 Rd8 19. Re1 Bg4 20. Qb3 b5 21.
a4 Bxd4 22. cxd4 Be6 23. Qe3 Bd5 24. Qg3 Qxg3 25. Bxg3 bxa4 26. Rxa4 Bb3 27.
Rb4 Bc2 28. f3 exf3 29. gxf3 a5 30. Rb7 Rxd4 31. Ra7 Rdd8 32. Ree7 Rxa7 33.
Rxa7 a4 34. Be5 f6 35. Bc3 Rd3 36. f4 h6 37. Kg2 Bd1 38. Ra8+ Kh7 39. Ra7 Kg8
40. Ra8+ Kh7 41. Ra7 Kg6 42. f5+ Kxf5 43. Rxg7 a3 44. Rc7 a2 45. Ra7 Bb3 46.
Ra6 Rd1 47. Kf3 a1=Q 48. Rxf6+ Kg5 49. h4+ Kxh4 50. Rxh6+ Kg5 0-1

[Event "IX Open A"]
[Site "Bergamo ITA"]
[Date "2010.07.18"]
[Round "6"]
[White "Srivachirawat, Kannapon"]
[Black "Moreschi, Mauro"]
[WhiteElo "2245"]
[BlackElo "1907"]
[Result "1-0"]
[PlyCount "96"]
[EventDate "2010.07.16"]

1. d4 Nf6 2. Nf3 c6 3. e3 d5 4. Bd3 Bg4 5. h3 Bxf3 6. Qxf3 Nbd7 7. Qd1 e6 8.
Nd2 Qc7 9. O-O Be7 10. c3 O-O 11. e4 dxe4 12. Nxe4 Nxe4 13. Bxe4 Nf6 14. Bc2
Rfd8 15. Qf3 Rd5 16. Re1 c5 17. Bf4 Bd6 18. Bxd6 Rxd6 19. dxc5 Rd2 20. Re2 Rxe2
21. Qxe2 Qxc5 22. Rd1 Qe7 23. Qd3 h5 24. c4 Rc8 25. a3 g6 26. b4 b6 27. Ba4 Kh7
28. Bb5 Kg8 29. Kf1 Kh7 30. Qd6 Qxd6 31. Rxd6 Kg7 32. f3 Kf8 33. Ke2 Ke7 34.
Rd3 Rc7 35. Ke3 Ne8 36. Bxe8 Kxe8 37. Rd4 Ke7 38. Kd3 Rd7 39. c5 f6 40. Rxd7+
Kxd7 41. Kc4 bxc5 42. Kxc5 g5 43. b5 f5 44. a4 g4 45. hxg4 fxg4 46. fxg4 hxg4
47. g3 a6 48. bxa6 Kc7 1-0

[Event "IX Open A"]
[Site "Bergamo ITA"]
[Date "2010.07.18"]
[Round "6"]
[White "Stips, Felix"]
[Black "Mrdja, Milan"]
[WhiteElo "2206"]
[BlackElo "2372"]
[Result "1/2-1/2"]
[PlyCount "79"]
[EventDate "2010.07.16"]

1. Nf3 Nf6 2. c4 e6 3. Nc3 Bb4 4. Qc2 O-O 5. a3 Bxc3 6. Qxc3 d6 7. e3 Nbd7 8.
Be2 b6 9. O-O Bb7 10. b4 c5 11. Bb2 Rc8 12. d3 Qe7 13. b5 Rfd8 14. a4 Ne8 15.
Nd2 d5 16. Qb3 Nd6 17. a5 Rc7 18. axb6 axb6 19. Bf3 dxc4 20. dxc4 Bxf3 21. Nxf3
f6 22. Rfd1 Nf8 23. Rd3 Rcd7 24. Rad1 Nb7 25. h3 Kf7 26. Qc2 Rxd3 27. Rxd3 Rxd3
28. Qxd3 Qd7 29. Qc2 Nd6 30. Be5 Nb7 31. Bb2 Ke7 32. Nd2 Nd6 33. Bc3 Qb7 34.
Qb1 h6 35. Qc2 e5 36. f3 Ne6 37. Kf2 Qa8 38. Qb3 Nc7 39. Bb2 Qa7 40. Qc2
1/2-1/2

[Event "IX Open A"]
[Site "Bergamo ITA"]
[Date "2010.07.18"]
[Round "6"]
[White "Tesic, Dragan"]
[Black "Sumets, Andrey"]
[WhiteElo "2369"]
[BlackElo "2618"]
[Result "0-1"]
[PlyCount "102"]
[EventDate "2010.07.16"]

1. d4 Nf6 2. Nf3 d5 3. c4 e6 4. Nc3 Bb4 5. cxd5 exd5 6. Bg5 O-O 7. e3 c5 8. Qc2
h6 9. Bxf6 Qxf6 10. a3 Ba5 11. dxc5 Bf5 12. Qd2 Bxc3 13. Qxc3 Qxc3+ 14. bxc3
Rc8 15. Nd4 Bg6 16. c4 dxc4 17. Bxc4 Rxc5 18. Rc1 Nd7 19. Kd2 Ra5 20. Rc3 Ne5
21. Be2 Rd8 22. Rd1 Nc6 23. Ke1 Nxd4 24. Rxd4 Rxd4 25. exd4 Be4 26. Bf3 Bxf3
27. Rxf3 Kf8 28. Re3 Ra4 29. d5 Rd4 30. Rc3 Rxd5 31. Rc7 Rb5 32. Kd2 Rb2+ 33.
Ke3 a5 34. a4 b6 35. Rb7 g5 36. h3 Kg7 37. g3 Kg6 38. Rc7 Rb4 39. Rc6+ f6 40.
f3 Kf5 41. g4+ Ke5 42. Kf2 Rxa4 43. Rxb6 Rb4 44. Ra6 a4 45. Kg3 Rf4 46. h4 Kd5
47. h5 Kc5 48. Ra8 Kb4 49. Rb8+ Kc3 50. Rb6 a3 51. Rc6+ Kb3 0-1

[Event "IX Open A"]
[Site "Bergamo ITA"]
[Date "2010.07.18"]
[Round "6"]
[White "Tramalloni, Luca"]
[Black "Curtacci, Sergio"]
[WhiteElo "2113"]
[BlackElo "1999"]
[Result "1-0"]
[PlyCount "71"]
[EventDate "2010.07.16"]

1. d4 Nf6 2. c4 d6 3. Nc3 Nbd7 4. e4 e5 5. d5 Be7 6. Be3 Nc5 7. f3 a5 8. Nge2
b6 9. Qd2 h5 10. b3 g6 11. Nc1 Ba6 12. a3 Bb7 13. Be2 h4 14. Rb1 Nh5 15. Bd1
Nf4 16. b4 axb4 17. axb4 Na6 18. Nd3 Nxd3+ 19. Qxd3 Bg5 20. Ba4+ Kf8 21. O-O
Bf4 22. Bxf4 exf4 23. Bc6 Rb8 24. Bxb7 Rxb7 25. c5 Nb8 26. c6 Ra7 27. h3 Qf6
28. Nb5 Ra2 29. Qd4 Qxd4+ 30. Nxd4 Na6 31. Nb5 Rc2 32. Rf2 Rc4 33. Ra2 Nxb4 34.
Ra4 Rh5 35. Raxb4 Rc2 36. R4b2 1-0

[Event "IX Open A"]
[Site "Bergamo ITA"]
[Date "2010.07.18"]
[Round "6"]
[White "Vuelban, Virgilio"]
[Black "Lindh, Fredrik"]
[WhiteElo "2358"]
[BlackElo "2168"]
[Result "1-0"]
[PlyCount "55"]
[EventDate "2010.07.16"]

1. d4 Nf6 2. c4 g6 3. Nc3 d5 4. cxd5 Nxd5 5. e4 Nxc3 6. bxc3 Bg7 7. Bc4 c5 8.
Ne2 O-O 9. O-O Nc6 10. Be3 Qc7 11. Rc1 Rd8 12. Bf4 Qd7 13. dxc5 Qe8 14. Bd5 e6
15. Bxc6 bxc6 16. Bd6 e5 17. Qa4 Bf8 18. Rcd1 Bg4 19. f3 Be6 20. Bxe5 Bc4 21.
Qxc4 Qxe5 22. Nd4 Qxc5 23. Qxc5 Bxc5 24. Rd2 Rd6 25. Rfd1 Rad8 26. Kf1 Bb6 27.
Ke2 Ba5 28. Nxc6 1-0

[Event "II Festival Panza A"]
[Site "Forio ITA"]
[Date "2010.07.17"]
[Round "1"]
[White "Looijmans, Karel"]
[Black "Epishin, Vladimir V."]
[Result "0-1"]
[WhiteElo "2104"]
[BlackElo "2598"]
[PlyCount "74"]
[EventDate "2010.07.17"]

1. e4 c5 2. Nf3 e6 3. d4 cxd4 4. Nxd4 Bc5 5. Nb3 Be7 6. Nc3 d6 7. Bd3 Nf6 8. g4
d5 9. Bb5+ Bd7 10. e5 Ne4 11. Bxd7+ Nxd7 12. Nxe4 dxe4 13. Qd4 Qc7 14. Qxe4
Qxe5 15. Qxe5 Nxe5 16. Bf4 Nxg4 17. Rg1 f5 18. h3 Nf6 19. O-O-O Kf7 20. Na5 Nd5
21. Be5 Bf6 22. Bxf6 Kxf6 23. c4 Nf4 24. Rge1 Rac8 25. Rd4 Nxh3 26. Nxb7 Nxf2
27. Rf1 Ke5 28. Rd7 Rxc4+ 29. Kb1 Ne4 30. Rh1 g5 31. Nd8 Rxd8 32. Rxd8 Rc7 33.
Rb8 g4 34. b4 g3 35. Kb2 g2 36. Rg1 Rg7 37. Rd8 Rg3 0-1

[Event "II Festival Panza A"]
[Site "Forio ITA"]
[Date "2010.07.17"]
[Round "1"]
[White "Ortega, Lexy"]
[Black "Hamperl, Fred"]
[Result "1-0"]
[WhiteElo "2488"]
[BlackElo "2084"]
[PlyCount "31"]
[EventDate "2010.07.17"]

1. d4 Nf6 2. Nf3 c5 3. d5 e6 4. Nc3 exd5 5. Nxd5 b5 6. Bf4 Nxd5 7. Qxd5 Nc6 8.
Ne5 Qf6 9. e3 Rb8 10. Nxc6 dxc6 11. Qe4+ Be7 12. Bxb8 Bf5 13. Qe5 O-O 14. Bd3
Bxd3 15. cxd3 Qh4 16. Qf4 1-0

[Event "II Festival Panza A"]
[Site "Forio ITA"]
[Date "2010.07.17"]
[Round "1"]
[White "De Rosa, Mariagrazia"]
[Black "Meijers, Viesturs"]
[Result "0-1"]
[WhiteElo "2073"]
[BlackElo "2474"]
[PlyCount "82"]
[EventDate "2010.07.17"]

1. e4 c5 2. Nf3 e6 3. d4 cxd4 4. Nxd4 a6 5. Bd3 Nf6 6. O-O Qc7 7. Qe2 b5 8. a4
b4 9. Nd2 Bb7 10. e5 Nd5 11. Nc4 g6 12. a5 Nc6 13. Nb3 h5 14. Bg5 h4 15. h3 Rh5
16. f4 Na7 17. Rad1 Nb5 18. Be4 Rc8 19. Rxd5 exd5 20. Nd6+ Qxd6 21. exd6 dxe4
22. Bf6 Rf5 23. Bxh4 Bxd6 24. Bg5 f6 25. g4 Rfc5 26. Bxf6 Rxc2 27. Qe1 e3 28.
Qxe3+ Kf7 29. Rf2 Kxf6 30. f5 Rxf2 31. Qxf2 g5 32. h4 Rc4 33. hxg5+ Kxg5 34.
Qd2+ Rf4 35. Nc1 Nd4 36. Qe3 Nf3+ 37. Kf1 Ne5+ 38. Kg1 Nc4 39. Qe8 Rxg4+ 40.
Kf1 Bg2+ 41. Kf2 Bc5+ 0-1

[Event "II Festival Panza A"]
[Site "Forio ITA"]
[Date "2010.07.17"]
[Round "1"]
[White "Naumkin, Igor"]
[Black "Taglialatela, Massimiliano"]
[Result "1-0"]
[WhiteElo "2466"]
[BlackElo "2047"]
[PlyCount "49"]
[EventDate "2010.07.17"]

1. d4 d5 2. c4 c6 3. Nf3 Nf6 4. Nc3 e6 5. e3 Nbd7 6. Qc2 Be7 7. Bd3 O-O 8. O-O
dxc4 9. Bxc4 b5 10. Be2 a6 11. e4 c5 12. e5 Ng4 13. Qe4 cxd4 14. Nxd4 f5 15.
Qxa8 Qb6 16. Qc6 Qxd4 17. Qxe6+ Rf7 18. Qc6 Nxf2 19. Rxf2 Bc5 20. Nd1 Qxe5 21.
Qxc8+ Rf8 22. Qxd7 Qxe2 23. Qd5+ Kh8 24. Qxc5 Qxd1+ 25. Rf1 1-0

[Event "II Festival Panza A"]
[Site "Forio ITA"]
[Date "2010.07.17"]
[Round "1"]
[White "Heikkila, Antti"]
[Black "Gaponenko, Inna"]
[Result "0-1"]
[WhiteElo "2045"]
[BlackElo "2465"]
[PlyCount "98"]
[EventDate "2010.07.17"]

1. c4 e5 2. Nc3 Nc6 3. Nf3 Nf6 4. g3 Nd4 5. Bg2 Nxf3+ 6. exf3 Bb4 7. O-O O-O 8.
d3 Bxc3 9. bxc3 d5 10. cxd5 Nxd5 11. c4 Nb4 12. Ba3 a5 13. Re1 Qd6 14. Qb3 Bf5
15. Re3 c5 16. Rd1 f6 17. Qb1 Rfd8 18. Bf1 Bd7 19. Bc1 Ba4 20. Rd2 Nc6 21. Rb2
Nd4 22. Bd2 Bc6 23. Bg2 Qd7 24. Bc3 Nf5 25. Bh3 g6 26. Qe1 a4 27. f4 exf4 28.
Re6 Qxd3 29. Rxc6 bxc6 30. Qe6+ Kg7 31. Qxf6+ Kh6 32. Bd2 Rd4 33. Bxf5 Qxf5 34.
Qh4+ Qh5 35. Qf6 Qf5 36. Qh4+ Qh5 37. Qf6 Qf5 38. Qh4+ Kg7 39. Rb7+ Rd7 40.
Bc3+ Kg8 41. Rxd7 Qxd7 42. Qxf4 Rf8 43. Qe3 Qf5 44. Kg2 Kf7 45. Be5 Re8 46. f4
Qc2+ 47. Qf2 Qxc4 48. Qb2 Qb4 49. Qf2 Rd8 0-1

[Event "II Festival Panza A"]
[Site "Forio ITA"]
[Date "2010.07.17"]
[Round "1"]
[White "Lazarev, Vladimir"]
[Black "Pegoraro, Nicola"]
[Result "1-0"]
[WhiteElo "2444"]
[BlackElo "2036"]
[PlyCount "65"]
[EventDate "2010.07.17"]

1. d4 f5 2. g3 Nf6 3. Bg2 g6 4. Nf3 Bg7 5. b4 c6 6. c4 Ne4 7. O-O O-O 8. a4 d6
9. Bb2 Na6 10. Qb3 Qe8 11. b5 Nc7 12. Nc3 c5 13. Nxe4 fxe4 14. Ng5 cxd4 15. c5+
d5 16. Nxe4 Kh8 17. Nd2 Bd7 18. e3 dxe3 19. Bxg7+ Kxg7 20. Qxe3 e5 21. Rae1
Nxb5 22. axb5 Bxb5 23. Bxd5 Bxf1 24. Nxf1 Qe7 25. Qc3 Rfe8 26. Nd2 Rad8 27. Bg2
Qd7 28. Rxe5 Rxe5 29. Qxe5+ Kf7 30. Ne4 Qd1+ 31. Bf1 Qd4 32. Ng5+ Kg8 33. Qe7
1-0